[Event "Stay Safe Play From Home 240"]
[Site "Emanuel Lasker Arena"]
[Date "2020.06.19"]
[Round "1"]
[White "Dukic"]
[Black "Shyamph1980"]
[Result "1-0"]
[WhiteElo "1993"]
[BlackElo "1666"]
[Annotator "NA RC"]
[PlyCount "38"]
[EventDate "2020.06.19"]
[EventType "swiss (blitz)"]

1. c4 {[%emt 0:00:05]} Nf6 {[%emt 0:00:02]} 2. Nc3 {[%emt 0:00:01]} e6 {[%emt 0:00:02]} 3. e4 {[%emt 0:00:03]} Bb4 {[%emt 0:00:02]} 4. e5 {[%emt 0:00:02]} Bxc3 {[%emt 0:00:07]} 5. bxc3 {[%emt 0:00:09]} Ng8 {[%emt 0:00:06]} 6. Qg4 {[%emt 0:00:03]} g6 {[%emt 0:00:29]} 7. d4 {[%emt 0:00:04]} Ne7 {[%emt 0:00:02]} 8. Bg5 {[%emt 0:00:03]} d5 {[%emt 0:00:09]} 9. Bf6 {[%emt 0:00:02]} Rg8 {[%emt 0:00:03]} 10. Qh4 {[%emt 0:00:04]} h5 {[%emt 0:00:08]} 11. Qg5 {[%emt 0:00:02]} Nd7 {[%emt 0:00:02]} 12. Nf3 {[%emt 0:00:52]} Nxf6 {[%emt 0:00:04]} 13. exf6 {[%emt 0:00:16]} Nc6 {[%emt 0:00:01]} 14. h3 {[%emt 0:00:20]} b6 {[%emt 0:00:04]} 15. cxd5 {[%emt 0:00:04]} exd5 {[%emt 0:00:02]} 16. Bb5 {[%emt 0:00:02]} Qd6 {[%emt 0:00:11]} 17. O-O {[%emt 0:00:17]} Be6 {[%emt 0:00:03]} 18. Ne5 {[%emt 0:00:04]} O-O-O {[%emt 0:00:21]} 19. Nxc6 {[%emt 0:00:03]} Rde8 {[%emt 0:00:03] Shyamph1980 resigns (Lag: Av=0.59s, max=0.8s)} 1-0

[Event "Stay Safe Play From Home 240"]
[Site "Emanuel Lasker Arena"]
[Date "2020.06.19"]
[Round "1"]
[White "Bishop91"]
[Black "kid4kk"]
[Result "1-0"]
[WhiteElo "1810"]
[BlackElo "1565"]
[Annotator "NA RC"]
[PlyCount "33"]
[EventDate "2020.06.19"]
[EventType "swiss (blitz)"]

1. e4 {[%emt 0:00:05]} e5 {[%emt 0:00:02]} 2. Nf3 {[%emt 0:00:01]} Nf6 {[%emt 0:00:03]} 3. Nxe5 {[%emt 0:00:04]} d6 {[%emt 0:00:01]} 4. Nf3 {[%emt 0:00:01]} Nxe4 {[%emt 0:00:02]} 5. d4 {[%emt 0:00:00]} d5 {[%emt 0:00:03]} 6. Bd3 {[%emt 0:00:00]} Be7 {[%emt 0:00:16]} 7. O-O {[%emt 0:00:03]} O-O {[%emt 0:00:02]} 8. c4 {[%emt 0:00:03]} Nc6 {[%emt 0:00:09]} 9. cxd5 {[%emt 0:00:04]} Qxd5 {[%emt 0:00:06]} 10. Nc3 {[%emt 0:00:04]} Qd8 {[%emt 0:00:22]} 11. Bxe4 {[%emt 0:00:04]} Bg4 {[%emt 0:00:14]} 12. Be3 {[%emt 0:00:07]} Re8 {[%emt 0:00:07]} 13. h3 {[%emt 0:00:09]} Bh5 {[%emt 0:00:03]} 14. Qc2 {[%emt 0:00:08] kid4kk reconnected.} Bb4 {[%emt 0:00:06]} 15. Bxh7+ {[%emt 0:00:14]} Kh8 {[%emt 0:00:06]} 16. Be4 {[%emt 0:00:00]} Qf6 {[%emt 0:00:07]} 17. Nd5 {[%emt 0:00:08] Time (Lag: Av=8.55s, max=105.1s)} 1-0

[Event "Stay Safe Play From Home 240"]
[Site "Emanuel Lasker Arena"]
[Date "2020.06.19"]
[Round "1"]
[White "Robk"]
[Black "Timbre"]
[Result "1/2-1/2"]
[WhiteElo "1523"]
[BlackElo "1721"]
[Annotator "NA RC"]
[PlyCount "46"]
[EventDate "2020.06.19"]
[EventType "swiss (blitz)"]

1. e4 {[%emt 0:00:06]} c6 {[%emt 0:00:02]} 2. d4 {[%emt 0:00:02]} d5 {[%emt 0:00:01]} 3. exd5 {[%emt 0:00:01]} cxd5 {[%emt 0:00:02]} 4. c4 {[%emt 0:00:01]} Nf6 {[%emt 0:00:02]} 5. Nc3 {[%emt 0:00:01]} Nc6 {[%emt 0:00:01]} 6. Nf3 {[%emt 0:00:04]} e6 {[%emt 0:00:02]} 7. cxd5 {[%emt 0:00:08]} Nxd5 {[%emt 0:00:02]} 8. Bd3 {[%emt 0:00:01]} Bb4 {[%emt 0:00:03]} 9. Bd2 {[%emt 0:00:04]} Bxc3 {[%emt 0:00:02]} 10. bxc3 {[%emt 0:00:02]} O-O {[%emt 0:00:05]} 11. O-O {[%emt 0:00:14]} Nf6 {[%emt 0:00:02]} 12. Bg5 {[%emt 0:00:08]} a6 {[%emt 0:00:08]} 13. Ne5 {[%emt 0:00:09]} h6 {[%emt 0:00:04]} 14. Bh4 {[%emt 0:00:09]} g5 {[%emt 0:00:02]} 15. Bg3 {[%emt 0:00:02]} Nxe5 {[%emt 0:00:02]} 16. Bxe5 {[%emt 0:00:02]} Nd7 {[%emt 0:00:05]} 17. Qh5 {[%emt 0:00:07]} Nxe5 {[%emt 0:00:04]} 18. Be4 {[%emt 0:00:15]} Nd7 {[%emt 0:00:16]} 19. Qxh6 {[%emt 0:00:03]} f5 {[%emt 0:00:02]} 20. Qg6+ {[%emt 0:00:06]} Kh8 {[%emt 0:00:04]} 21. Qh6+ {[%emt 0:00:01]} Kg8 {[%emt 0:00:01]} 22. Qg6+ {[%emt 0:00:01]} Kh8 {[%emt 0:00:01]} 23. Qh6+ {[%emt 0:00:01]} Kg8 {[%emt 0:00:01] (Lag: Av=0.52s, max=0.8s)} 1/2-1/2

[Event "Stay Safe Play From Home 240"]
[Site "Emanuel Lasker Arena"]
[Date "2020.06.19"]
[Round "2"]
[White "mehrdadahouran"]
[Black "Germanicus G"]
[Result "1-0"]
[WhiteElo "2031"]
[BlackElo "1646"]
[Annotator "TA"]
[PlyCount "183"]
[EventDate "2020.06.19"]
[EventType "swiss (blitz)"]

{[%evp 12,182,-2,-10,4,-10,4,4,27,19,35,29,32,31,26,36,32,19,46,32,33,32,68,54,68,67,64,64,101,29,69,0,10,-37,-38,-313,-316,-313,-287,-305,-259,-347,-359,-423,-335,-327,0,-13,0,-126,-113,-102,0,0,0,0,0,0,12844,-72,0,0,0,0,0,0,0,-125,0,-230,-216,-270,-97,-142,-49,-64,0,-68,-60,-70,-69,-167,-125,-228,0,-223,0,0,0,-8,62,-327,-315,-342,-241,-385,-307,-619,0,0,0,0,0,0,864,46,12837,984,12841,12842,12843,12843,12848,12848,12851,27999,12851,29983,12851,29985,12851,29982,12851,27999,12851,27996,27999,27997,27999,27999,27984,27984,27986,27986,27988,27987,27990,27990,27992,27991,27992,27992,27993,27993,27994,27994,27995,27995,27996,27996,27997,27997,27998,27997,27998,27997,27998,27997,27999,27999,27996,27996,27997,27996,27997,27997,27998,27998,27999,27998,27999,27999,27999]} 1. d4 e6 2. c4 Nf6 3. Nf3 b6 4. g3 Bb7 5. Bg2 Bb4+ 6. Nc3 Bxc3+ 7. bxc3 d6 {E21: Nimzo-Indian: 4 Nf3.} 8. O-O Nbd7 9. a4 a5 {The position is equal.} 10. Re1 {[#]} Qe7 $146 ({Predecessor:} 10... h6 11. Qc2 Be4 12. Qb3 O-O 13. Bh3 Bc6 14. Nd2 e5 15. e4 Re8 16. Bg2 Nf8 {0-1 (28) Lebredo Zaragoitia,G (2250)-Pecorelli Garcia,H (2403) Port of Spain 2009}) 11. Nh4 Bxg2 12. Nxg2 O-O 13. e4 e5 14. Qd3 h6 15. Nh4 Qe6 16. Nf5 Kh7 17. f4 Ng8 18. fxe5 dxe5 19. Ra2 Rad8 20. Rf2 (20. Ba3 $16) 20... Nc5 21. Qe2 ({White should play} 21. Qb1 $14 Nxa4 22. Qb3) 21... Nxa4 $11 22. Bd2 g6 23. Nh4 $2 {[%mdl 8192]} (23. d5 $15 Qd7 24. Nh4) 23... exd4 $19 24. cxd4 Rxd4 25. e5 Rxc4 ({Don't play} 25... Qxc4 26. Ref1 $19) 26. Ref1 {and the idea Nxg6! leaves White hopeful.} Nc5 {[%cal Ba4c5,Bc5e4,Be4d2][%mdl 32]} 27. Rf3 Re4 28. Qf2 {[%cal Rf3f7]} Rxh4 $2 (28... f5 $19 29. exf6 Re2) 29. gxh4 {[%cal Rf3f7]} (29. Rxf7+ {feels hotter.} Rxf7 30. Qxf7+ Kh8 31. gxh4 Qg4+ 32. Kh1) 29... Ne4 (29... Kg7 {keeps more tension.} 30. Bxa5 h5 31. Bb4 Nh6 32. Bxc5 bxc5 33. Qxc5 Rd8) 30. Qe3 (30. Rxf7+ $11 Kh8 31. Rh7+ Kxh7 32. Qxf8) 30... Nxd2 $17 ({But not} 30... Qxe5 $2 31. Rf4 $18) 31. Qxd2 Qxe5 (31... h5 $1 $17 32. Qe2 c5) 32. Rxf7+ $11 Rxf7 33. Rxf7+ $17 {[%mdl 4096] Endgame KQR-KQN} Kh8 34. Qf2 Qe6 $2 {[%mdl 8192]} (34... b5 $11) 35. Rf8 $2 (35. Qd4+ $18 Qf6 36. Rxf6 Nxf6 37. Qxf6+ {[%mdl 64] Double Attack} Kh7 38. Qf7+ Kh8 39. Qxg6 a4 40. Qxh6+ Kg8 41. Qf6) 35... Qg4+ (35... Kg7 $1 $17 36. Rd8 Qg4+ 37. Qg3 Qxg3+ 38. hxg3 Nf6) 36. Kf1 $11 {Qf6+ would kill now.} Qd1+ 37. Kg2 {Intending Qf6+ and mate.} Qd5+ 38. Kg3 {Hoping for Qf6+.} Kg7 39. Rf4 {[#]} (39. Rc8 $11 Qd3+ 40. Qf3 Qd6+ 41. Qf4 Qd3+ 42. Kg2 Qc2+ 43. Kf3 Qd3+ 44. Kf2 Qc2+ 45. Kg3 Qd3+ 46. Kg2 Qc2+ 47. Kg3 Qc3+ 48. Kg2 Qc2+) 39... Qe5 (39... Nf6 $1 $17 {[%mdl 512]} 40. Qd4 (40. Rxf6 $2 Qe5+ {[%mdl 64] Double Attack} 41. Qf4 Qxf6 $19) 40... Qxd4 41. Rxd4 Kf7) 40. Kh3 $2 (40. Qd4 $11 Qxd4 41. Rxd4) 40... Nf6 $19 41. Kg2 Qe6 $2 (41... b5 $19 {is more deadly. ...b4 is the strong threat.} 42. Qd4 Qxd4 43. Rxd4 a4) 42. h3 Nd5 (42... b5 $17 {White must now prevent ...Qe5.} 43. Rf3 Qe5) 43. Qd4+ $15 Nf6 (43... Kg8 $15 44. Re4 Qd6) 44. h5 (44. Qf2 $1 $11) 44... c5 45. Qb2 gxh5 46. Kh2 (46. Kg1 $15) 46... Qd6 $19 47. Qf2 {[#]} (47. Qg2+ $17 Ng4+ 48. Kg3) 47... Nd5 $2 (47... b5 $1 $19 48. Kh1 b4 49. Qg2+ Kh8) 48. Qg3+ $2 {[#]} (48. Qg2+ $11 {and White stays safe.} Kh7 49. Qc2+ Kg8 50. Qg2+ Kh8 51. Qb2+ Kh7 52. Qc2+ Kh8 53. Qb2+ Kh7 54. Qc2+) 48... Kh8 $2 ({Better is} 48... Qg6 $1 $19 {[%cal Rg6g3]} 49. Rf1 Qxg3+ 50. Kxg3 Nb4) 49. Rf5 $11 Qxg3+ 50. Kxg3 {KR-KN} Ne7 ({Black should try} 50... Nc3 $11 51. Kf3 Kg7) 51. Rxh5 $2 {[%mdl 8192]} (51. Re5 $1 $14 {keeps the upper hand.} Ng8 52. Re6) 51... Kg7 $19 52. Re5 Kf6 53. Re1 (53. Rh5 $142 Kg7 54. Re5) 53... Nd5 54. Kg4 $2 (54. Kf3 a4 55. Ke4) 54... Nb4 $2 (54... b5 $19 55. Kf3 Kf5) 55. Kh5 $11 c4 56. Kxh6 c3 57. h4 c2 $2 {[%mdl 8192]} (57... Kf5 $11) 58. h5 $18 {And now Rf1+ would win.} a4 $2 {[%mdl 8192]} (58... Nd5 $14 59. Rf1+ Ke6) 59. Rf1+ Ke7 60. Kg7 Nd3 61. h6 c1=Q 62. Rxc1 Nxc1 {KN-KP} 63. h7 a3 64. h8=Q a2 65. Qf8+ Ke6 66. Qf6+ Kd5 67. Qb2 {Threatening mate with Qd2+.} Nd3 68. Qxa2+ Kd4 {White mates.} 69. Qa4+ Kd5 70. Qb5+ Nc5 71. Qxb6 Ne6+ 72. Kf6 Nd4 73. Qb7+ Kc4 74. Ke5 Nb5 75. Qd5+ Kb4 76. Qc6 Nc3 77. Kd4 Nb5+ 78. Kd3 Na3 79. Qc3+ Ka4 80. Qb2 Nb5 81. Kc4 Nd6+ 82. Kc5 Ne4+ 83. Kd4 Nd6 84. Qa2+ Kb5 85. Qd5+ {[%mdl 64] Double Attack} Kb4 86. Qxd6+ Kb3 87. Qc5 Kb2 88. Qc4 Kb1 89. Qe2 Ka1 90. Qd2 Kb1 91. Kc3 Ka1 92. Qb2# {Both players deserved the win here. Accuracy: White = 51%, Black = 55%.} 1-0

[Event "Stay Safe Play From Home 240"]
[Site "Emanuel Lasker Arena"]
[Date "2020.06.19"]
[Round "2"]
[White "Haxhi Baha"]
[Black "Dukic"]
[Result "0-1"]
[WhiteElo "1950"]
[BlackElo "1998"]
[Annotator "TA"]
[PlyCount "44"]
[EventDate "2020.06.19"]
[EventType "swiss (blitz)"]

{[%evp 9,43,56,73,48,54,52,60,19,54,54,69,89,95,22,31,22,42,6,10,-48,-43,-41,0,-7,0,0,0,0,0,0,20,-526,-555,-549,-551,-29999]} 1. e4 c6 2. Nf3 d6 3. Nc3 Bg4 4. h3 Bh5 5. d4 Nd7 6. Bd3 {B10: Caro-Kann: 2 d3 and 2 c4.} e5 7. g4 Bg6 8. Qe2 {[#] White is slightly better.} Be7 $146 ({Predecessor:} 8... Qb6 9. dxe5 dxe5 10. Bd2 Bd6 11. O-O-O Ne7 12. Nh4 Qc7 13. Nf5 Bxf5 14. exf5 Nc5 {½-½ (56) Kreisl,R (2440)-Plat,V (2567) Katowice 2017}) 9. h4 {[#] Hoping for h5.} h5 10. g5 Qb6 11. dxe5 (11. d5 $16) 11... dxe5 $11 12. O-O Bd6 13. Bd2 Ne7 14. Na4 (14. Be3 $11 Qxb2 15. Qd2) 14... Qc7 $15 15. b4 b5 16. Nb2 O-O 17. c4 $36 {[%mdl 2048] And now c5 would win. White is more active.} Qc8 18. cxb5 cxb5 19. Bxb5 Nb6 {White must now prevent ...Qg4+.} 20. a4 $2 {[%mdl 8192]} (20. Ne1 $11) 20... Qg4+ $19 {[%mdl 64] [#] Double Attack} 21. Kh2 Bxe4 22. Ng1 {Now Qxg4 and White clings on.} Qg2# {Accuracy: White = 42%, Black = 85%.} 0-1

[Event "Stay Safe Play From Home 240"]
[Site "Emanuel Lasker Arena"]
[Date "2020.06.19"]
[Round "2"]
[White "Timbre"]
[Black "Bishop91"]
[Result "1/2-1/2"]
[WhiteElo "1712"]
[BlackElo "1817"]
[Annotator "NA RC"]
[PlyCount "118"]
[EventDate "2020.06.19"]
[EventType "swiss (blitz)"]

1. d4 {[%emt 0:00:24]} d5 {[%emt 0:00:03]} 2. Nf3 {[%emt 0:00:01]} Nf6 {[%emt 0:00:02]} 3. c3 {[%emt 0:00:01]} Bf5 {[%emt 0:00:01]} 4. Bf4 {[%emt 0:00:04]} e6 {[%emt 0:00:09]} 5. e3 {[%emt 0:00:01]} Bd6 {[%emt 0:00:01]} 6. Bg3 {[%emt 0:00:01]} Ne4 {[%emt 0:00:04]} 7. Bd3 {[%emt 0:00:02]} Nxg3 {[%emt 0:00:01]} 8. hxg3 {[%emt 0:00:02]} Bxd3 {[%emt 0:00:01]} 9. Qxd3 {[%emt 0:00:01]} Nd7 {[%emt 0:00:00]} 10. Nbd2 {[%emt 0:00:02]} Nf6 {[%emt 0:00:01]} 11. e4 {[%emt 0:00:02]} dxe4 {[%emt 0:00:03]} 12. Nxe4 {[%emt 0:00:02]} h6 {[%emt 0:00:06]} 13. Nxf6+ {[%emt 0:00:02]} Qxf6 {[%emt 0:00:03]} 14. Kf1 {[%emt 0:00:01]} O-O {[%emt 0:00:11]} 15. Kg1 {[%emt 0:00:02]} Rad8 {[%emt 0:00:05]} 16. Re1 {[%emt 0:00:03]} Rfe8 {[%emt 0:00:16]} 17. Qb5 {[%emt 0:00:03]} b6 {[%emt 0:00:22]} 18. Qa4 {[%emt 0:00:05]} a5 {[%emt 0:00:02]} 19. Ne5 {[%emt 0:00:05]} Bxe5 {[%emt 0:00:03]} 20. Rxe5 {[%emt 0:00:03]} c5 {[%emt 0:00:14]} 21. Re4 {[%emt 0:00:18]} Re7 {[%emt 0:00:18]} 22. dxc5 {[%emt 0:00:08]} bxc5 {[%emt 0:00:01]} 23. Re1 {[%emt 0:00:08]} Rd2 {[%emt 0:00:04]} 24. Rf1 {[%emt 0:00:10]} Rxb2 {[%emt 0:00:08]} 25. Qxa5 {[%emt 0:00:01]} Rd7 {[%emt 0:00:11]} 26. Qa8+ {[%emt 0:00:10]} Rd8 {[%emt 0:00:01]} 27. Qa5 {[%emt 0:00:10]} Rdd2 {[%emt 0:00:02]} 28. Qa8+ {[%emt 0:00:06]} Kh7 {[%emt 0:00:07]} 29. Qe4+ {[%emt 0:00:02]} Qg6 {[%emt 0:00:08]} 30. Qe3 {[%emt 0:00:02]} Rxa2 {[%emt 0:00:04]} 31. Qxc5 {[%emt 0:00:05]} Qxg3 {[%emt 0:00:07]} 32. Rh3 {[%emt 0:00:08]} Qd6 {[%emt 0:00:06]} 33. Qe3 {[%emt 0:00:05]} f5 {[%emt 0:00:05]} 34. Rf3 {[%emt 0:00:09]} Rd1 {[%emt 0:00:06]} 35. Rxd1 {[%emt 0:00:03]} Qxd1+ {[%emt 0:00:01]} 36. Kh2 {[%emt 0:00:01]} Qd6+ {[%emt 0:00:02]} 37. g3 {[%emt 0:00:04]} Rd2 {[%emt 0:00:08]} 38. Kg2 {[%emt 0:00:05]} Qd5 {[%emt 0:00:02]} 39. c4 {[%emt 0:00:05]} Qd8 {[%emt 0:00:05]} 40. c5 {[%emt 0:00:02]} Rc2 {[%emt 0:00:05]} 41. Qxe6 {[%emt 0:00:04]} Rxc5 {[%emt 0:00:02]} 42. Rxf5 {[%emt 0:00:05]} Qa8+ {[%emt 0:00:05]} 43. Kh2 {[%emt 0:00:05]} Rxf5 {[%emt 0:00:02]} 44. Qxf5+ {[%emt 0:00:02]} Kh8 {[%emt 0:00:00]} 45. Qf4 {[%emt 0:00:03]} Qc6 {[%emt 0:00:03]} 46. Qe3 {[%emt 0:00:01]} Kg8 {[%emt 0:00:01]} 47. Qf4 {[%emt 0:00:02]} Qe6 {[%emt 0:00:04]} 48. Qd2 {[%emt 0:00:04]} Kf7 {[%emt 0:00:01]} 49. Qf4+ {[%emt 0:00:01]} Qf6 {[%emt 0:00:01]} 50. Qc4+ {[%emt 0:00:02]} Qe6 {[%emt 0:00:01]} 51. Qf4+ {[%emt 0:00:02]} Qf6 {[%emt 0:00:00]} 52. Qc4+ {[%emt 0:00:01]} Ke7 {[%emt 0:00:07]} 53. Qc5+ {[%emt 0:00:04]} Qd6 {[%emt 0:00:02]} 54. Qe3+ {[%emt 0:00:04]} Qe6 {[%emt 0:00:01]} 55. Qc5+ {[%emt 0:00:02]} Kf6 {[%emt 0:00:01]} 56. Qd4+ {[%emt 0:00:02]} Qe5 {[%emt 0:00:01]} 57. Qd8+ {[%emt 0:00:04]} Qe7 {[%emt 0:00:01]} 58. Qd4+ {[%emt 0:00:02]} Kf7 {[%emt 0:00:00]} 59. Qf4+ {[%emt 0:00:02]} Qf6 {[%emt 0:00:00] (Lag: Av=0.29s, max=0.7s)} 1/2-1/2

[Event "Stay Safe Play From Home 240"]
[Site "Emanuel Lasker Arena"]
[Date "2020.06.19"]
[Round "2"]
[White "kid4kk"]
[Black "Chase the sun"]
[Result "0-1"]
[WhiteElo "1540"]
[BlackElo "1800"]
[Annotator "NA RC"]
[PlyCount "50"]
[EventDate "2020.06.19"]
[EventType "swiss (blitz)"]

1. e4 {[%emt 0:00:02]} e6 {[%emt 0:00:17]} 2. d4 {[%emt 0:00:03]} d5 {[%emt 0:00:01]} 3. exd5 {[%emt 0:00:08]} exd5 {[%emt 0:00:02]} 4. Nf3 {[%emt 0:00:04]} Bg4 {[%emt 0:00:00]} 5. Be2 {[%emt 0:00:24]} Bd6 {[%emt 0:00:01]} 6. O-O {[%emt 0:00:05]} Ne7 {[%emt 0:00:01]} 7. h3 {[%emt 0:00:05]} Bh5 {[%emt 0:00:01]} 8. c4 {[%emt 0:00:04]} dxc4 {[%emt 0:00:02]} 9. Bxc4 {[%emt 0:00:03]} c6 {[%emt 0:00:01]} 10. Nc3 {[%emt 0:00:10]} O-O {[%emt 0:00:04]} 11. Re1 {[%emt 0:00:01]} Nd7 {[%emt 0:00:01]} 12. Bf4 {[%emt 0:00:11]} Bxf4 {[%emt 0:00:04]} 13. Bd3 {[%emt 0:01:27]} Nf6 {[%emt 0:00:13]} 14. g3 {[%emt 0:00:02]} Bc7 {[%emt 0:00:03]} 15. g4 {[%emt 0:00:04]} Bg6 {[%emt 0:00:01]} 16. Ne5 {[%emt 0:00:06]} Bxd3 {[%emt 0:00:05]} 17. Qxd3 {[%emt 0:00:01]} Bxe5 {[%emt 0:00:02]} 18. Rxe5 {[%emt 0:00:10]} Ng6 {[%emt 0:00:01]} 19. Rf5 {[%emt 0:00:05]} Qd6 {[%emt 0:00:04]} 20. g5 {[%emt 0:00:05]} Nd5 {[%emt 0:00:10]} 21. Nxd5 {[%emt 0:00:01]} cxd5 {[%emt 0:00:00]} 22. Qb3 {[%emt 0:00:08]} Rad8 {[%emt 0:00:06]} 23. Rf3 {[%emt 0:00:07]} b6 {[%emt 0:00:04]} 24. Rd1 {[%emt 0:00:03]} f6 {[%emt 0:00:04]} 25. gxf6 {[%emt 0:00:07]} Rxf6 {[%emt 0:00:00] Time (Lag: Av=1.08s, max=3.0s)} 0-1

[Event "Stay Safe Play From Home 240"]
[Site "Emanuel Lasker Arena"]
[Date "2020.06.19"]
[Round "3"]
[White "Bishop91"]
[Black "Dukic"]
[Result "0-1"]
[WhiteElo "1812"]
[BlackElo "2013"]
[Annotator "NA RC"]
[PlyCount "189"]
[EventDate "2020.06.19"]
[EventType "swiss (blitz)"]

1. e4 {[%emt 0:00:02]} c6 {[%emt 0:00:02]} 2. d4 {[%emt 0:00:03]} d6 {[%emt 0:00:02]} 3. Nf3 {[%emt 0:00:01]} Bg4 {[%emt 0:00:04]} 4. Be2 {[%emt 0:00:01]} Nd7 {[%emt 0:00:01]} 5. O-O {[%emt 0:00:01]} e5 {[%emt 0:00:02]} 6. h3 {[%emt 0:00:03]} Bh5 {[%emt 0:00:02]} 7. dxe5 {[%emt 0:00:01]} dxe5 {[%emt 0:00:01]} 8. Bg5 {[%emt 0:00:10]} Ngf6 {[%emt 0:00:04]} 9. Nc3 {[%emt 0:00:10]} Be7 {[%emt 0:00:03]} 10. Bxf6 {[%emt 0:00:04]} Bxf6 {[%emt 0:00:04]} 11. Qd2 {[%emt 0:00:10]} Qc7 {[%emt 0:00:15]} 12. Rad1 {[%emt 0:00:04]} Rd8 {[%emt 0:00:03]} 13. Qe3 {[%emt 0:00:00]} b5 {[%emt 0:00:03]} 14. a3 {[%emt 0:00:08]} O-O {[%emt 0:00:02]} 15. Nh2 {[%emt 0:00:08]} Bg6 {[%emt 0:00:02]} 16. Ng4 {[%emt 0:00:06]} Be7 {[%emt 0:00:02]} 17. b4 {[%emt 0:00:06]} a5 {[%emt 0:00:03]} 18. Na2 {[%emt 0:00:14]} h5 {[%emt 0:00:15]} 19. Nh2 {[%emt 0:00:03]} Rfe8 {[%emt 0:00:12]} 20. c3 {[%emt 0:00:02]} Nf8 {[%emt 0:00:02]} 21. f4 {[%emt 0:00:05]} exf4 {[%emt 0:00:02]} 22. Qxf4 {[%emt 0:00:01]} Bd6 {[%emt 0:00:04]} 23. Rxd6 {[%emt 0:00:37]} Qxd6 {[%emt 0:00:01]} 24. Qe3 {[%emt 0:00:09]} Qd2 {[%emt 0:00:05]} 25. Qxd2 {[%emt 0:00:10]} Rxd2 {[%emt 0:00:03]} 26. Nc1 {[%emt 0:00:00]} Rxe4 {[%emt 0:00:01]} 27. Bf3 {[%emt 0:00:06]} Re6 {[%emt 0:00:06]} 28. bxa5 {[%emt 0:00:04]} Nd7 {[%emt 0:00:15]} 29. g4 {[%emt 0:00:06]} Ne5 {[%emt 0:00:02]} 30. Bg2 {[%emt 0:00:05]} hxg4 {[%emt 0:00:07]} 31. Nxg4 {[%emt 0:00:01]} Nxg4 {[%emt 0:00:02]} 32. hxg4 {[%emt 0:00:00]} Be4 {[%emt 0:00:04]} 33. Bxe4 {[%emt 0:00:08]} Rxe4 {[%emt 0:00:01]} 34. a6 {[%emt 0:00:00]} Ra4 {[%emt 0:00:01]} 35. Nb3 {[%emt 0:00:03]} Rxa6 {[%emt 0:00:01]} 36. Nxd2 {[%emt 0:00:01]} Rxa3 {[%emt 0:00:01]} 37. Rc1 {[%emt 0:00:06]} c5 {[%emt 0:00:02]} 38. Ne4 {[%emt 0:00:02]} c4 {[%emt 0:00:01]} 39. Nd6 {[%emt 0:00:02]} Rb3 {[%emt 0:00:01]} 40. Kf2 {[%emt 0:00:03]} Kf8 {[%emt 0:00:02]} 41. Ke3 {[%emt 0:00:01]} Ke7 {[%emt 0:00:01]} 42. Nf5+ {[%emt 0:00:01]} Kf6 {[%emt 0:00:01]} 43. Nd4 {[%emt 0:00:02]} Rb2 {[%emt 0:00:07]} 44. Rc2 {[%emt 0:00:01]} Rb1 {[%emt 0:00:01]} 45. Rf2+ {[%emt 0:00:03]} Kg6 {[%emt 0:00:07]} 46. Rf5 {[%emt 0:00:07]} b4 {[%emt 0:00:02]} 47. cxb4 {[%emt 0:00:03]} Rxb4 {[%emt 0:00:02]} 48. Rb5 {[%emt 0:00:01]} Ra4 {[%emt 0:00:03]} 49. Kf3 {[%emt 0:00:13]} Kf6 {[%emt 0:00:12]} 50. Rf5+ {[%emt 0:00:04]} Ke7 {[%emt 0:00:02]} 51. Nc6+ {[%emt 0:00:02]} Kd6 {[%emt 0:00:04]} 52. Nd8 {[%emt 0:00:04]} f6 {[%emt 0:00:01]} 53. Nf7+ {[%emt 0:00:02]} Ke7 {[%emt 0:00:04]} 54. Nh8 {[%emt 0:00:01]} Ra3+ {[%emt 0:00:11]} 55. Ke4 {[%emt 0:00:04]} Rg3 {[%emt 0:00:03]} 56. Kf4 {[%emt 0:00:03]} Rg1 {[%emt 0:00:02]} 57. Ng6+ {[%emt 0:00:02]} Kf7 {[%emt 0:00:01]} 58. Nh8+ {[%emt 0:00:01]} Kg8 {[%emt 0:00:02]} 59. Ng6 {[%emt 0:00:01]} c3 {[%emt 0:00:03]} 60. Rc5 {[%emt 0:00:02]} Rc1 {[%emt 0:00:04]} 61. Ne7+ {[%emt 0:00:02]} Kf7 {[%emt 0:00:01]} 62. Nd5 {[%emt 0:00:00]} c2 {[%emt 0:00:01]} 63. Ne3 {[%emt 0:00:01]} g5+ {[%emt 0:00:10]} 64. Ke4 {[%emt 0:00:03]} Rh1 {[%emt 0:00:11]} 65. Rxc2 {[%emt 0:00:04]} Kg6 {[%emt 0:00:07]} 66. Rc7 {[%emt 0:00:02]} Ra1 {[%emt 0:00:08]} 67. Rc6 {[%emt 0:00:01]} Ra4+ {[%emt 0:00:02]} 68. Rc4 {[%emt 0:00:02]} Ra1 {[%emt 0:00:04]} 69. Kf3 {[%emt 0:00:02]} Ra3 {[%emt 0:00:02]} 70. Rc6 {[%emt 0:00:02]} Rb3 {[%emt 0:00:01]} 71. Rc7 {[%emt 0:00:01]} Ra3 {[%emt 0:00:02]} 72. Ke4 {[%emt 0:00:01]} Ra4+ {[%emt 0:00:01]} 73. Nc4 {[%emt 0:00:02]} Ra1 {[%emt 0:00:06]} 74. Rc8 {[%emt 0:00:02]} Rf1 {[%emt 0:00:02]} 75. Rg8+ {[%emt 0:00:04]} Kf7 {[%emt 0:00:02]} 76. Rh8 {[%emt 0:00:01]} Rf4+ {[%emt 0:00:02]} 77. Kd3 {[%emt 0:00:02]} Rxg4 {[%emt 0:00:01]} 78. Rh7+ {[%emt 0:00:01]} Kg6 {[%emt 0:00:01]} 79. Rh2 {[%emt 0:00:01] Bishop91 offers a draw} Rg3+ {[%emt 0:00:02]} 80. Ne3 {[%emt 0:00:02]} f5 {[%emt 0:00:03]} 81. Ke2 {[%emt 0:00:01]} f4 {[%emt 0:00:02]} 82. Nf1 {[%emt 0:00:00]} Ra3 {[%emt 0:00:02]} 83. Rg2 {[%emt 0:00:03]} Kf5 {[%emt 0:00:01]} 84. Nd2 {[%emt 0:00:02]} g4 {[%emt 0:00:02]} 85. Rg1 {[%emt 0:00:09]} g3 {[%emt 0:00:05]} 86. Nf3 {[%emt 0:00:06]} Re3+ {[%emt 0:00:04]} 87. Kd2 {[%emt 0:00:05]} Rxf3 {[%emt 0:00:01]} 88. Ke2 {[%emt 0:00:01]} Rf2+ {[%emt 0:00:01]} 89. Ke1 {[%emt 0:00:01]} Kg4 {[%emt 0:00:00]} 90. Rh1 {[%emt 0:00:03]} Ra2 {[%emt 0:00:02]} 91. Rh7 {[%emt 0:00:02]} Kf3 {[%emt 0:00:02]} 92. Rc7 {[%emt 0:00:03]} Ra1+ {[%emt 0:00:03]} 93. Kd2 {[%emt 0:00:01]} g2 {[%emt 0:00:01]} 94. Rc3+ {[%emt 0:00:01]} Kg4 {[%emt 0:00:01]} 95. Rc4 {[%emt 0:00:02] Bishop91 resigns (Lag: Av=0.46s, max=1.0s)} 0-1

[Event "Stay Safe Play From Home 240"]
[Site "Emanuel Lasker Arena"]
[Date "2020.06.19"]
[Round "3"]
[White "Chase the sun"]
[Black "mehrdadahouran"]
[Result "0-1"]
[WhiteElo "1807"]
[BlackElo "2034"]
[Annotator "TA"]
[PlyCount "30"]
[EventDate "2020.06.19"]
[EventType "swiss (blitz)"]

{[%evp 11,29,36,17,0,2,0,0,0,13,-35,-38,-53,-52,-56,-58,-249,-258,-29998,-29999,-29999]} 1. e4 c6 2. d4 d5 3. exd5 cxd5 4. Bd3 Nc6 5. c3 e5 6. dxe5 Nxe5 7. Bc2 {B13: Caro-Kann: Exchange Variation and Panov-Botvinnik Attack.} Bc5 {[#]} 8. Nf3 $146 ({Predecessor:} 8. Ne2 Ne7 9. O-O O-O 10. Nd2 Qd6 11. Nb3 Bb6 12. Bf4 Qf6 13. Nbd4 N7g6 14. Bg3 Nc6 {½-½ (47) Yang,J-Zhou,S (1780) Hangzhou 2019}) 8... Nxf3+ 9. Qxf3 {The position is equal.} Qe7+ 10. Kf1 Nf6 {Hoping for ...Ng4.} 11. Bg5 Bg4 12. Bxf6 Qe6 $1 $40 {[%mdl 128] Black has some attack.} 13. Ba4+ $2 (13. Qd3 $15 Qxf6 14. Qb5+ Qc6 15. Qxc6+ bxc6 16. h3) 13... Kf8 $19 {[%mdl 1024] Black has strong compensation.} 14. Qf4 $2 {[#]} (14. Be7+ $19 Kg8 15. Qd3 Qxe7 16. b4) 14... Qe2+ {[%mdl 64] Double Attack} 15. Kg1 Qe1# {Black took control after the opening. Accuracy: White = 30%, Black = 100%.} 0-1